The beginnings of Western science (Record no. 6227)
[ view plain ]
| 000 -LEADER | |
|---|---|
| fixed length control field | 00682nam a2200217Ia 4500 |
| 003 - CONTROL NUMBER IDENTIFIER | |
| control field | 0100 |
| 008 - FIXED-LENGTH DATA ELEMENTS--GENERAL INFORMATION | |
| fixed length control field | 130227s9999 xx 000 0 und d |
| 040 ## - CATALOGING SOURCE | |
| Transcribing agency | ARRUPELIB |
| 050 ## - LIBRARY OF CONGRESS CALL NUMBER | |
| Classification number | Q124.95.L55 |
| 100 ## - MAIN ENTRY--PERSONAL NAME | |
| Personal name | Lindberg, David C. |
| 245 #4 - TITLE STATEMENT | |
| Title | The beginnings of Western science |
| 245 ## - TITLE STATEMENT | |
| Remainder of title | the European scientific tradition in philosophical, religious and institutional context, prehistory to A.D. 1450 |
| 260 ## - PUBLICATION, DISTRIBUTION, ETC. (IMPRINT) | |
| Place of publication, distribution, etc | Chicago |
| 260 ## - PUBLICATION, DISTRIBUTION, ETC. (IMPRINT) | |
| Name of publisher, distributor, etc | The University of Chicago Press |
| 260 ## - PUBLICATION, DISTRIBUTION, ETC. (IMPRINT) | |
| -- | 2007 |
| 300 ## - PHYSICAL DESCRIPTION | |
| Extent | 488p. |
| 300 ## - PHYSICAL DESCRIPTION | |
| Other physical details | 23 cm |
| 650 ## - SUBJECT ADDED ENTRY--TOPICAL TERM | |
| Topical term following geographic name as entry element | Romero, Oscar A (oscar Arnulfo), 1917-1980 |
| 650 ## - SUBJECT ADDED ENTRY--TOPICAL TERM | |
| Location of event | Catholic church - EI Salvador - bishops - Biography |
| 942 ## - ADDED ENTRY ELEMENTS (KOHA) | |
| Source of classification or shelving scheme | Library of Congress Classification |
| Koha issues (borrowed), all copies | 2 |
| Withdrawn status | Lost status | Source of classification or shelving scheme | Damaged status | Not for loan | Collection code | Home library | Current library | Shelving location | Date acquired | Total Checkouts | Full call number | Barcode | Date last seen | Date last borrowed | Copy number | Price effective from | Koha item type |
|---|---|---|---|---|---|---|---|---|---|---|---|---|---|---|---|---|---|
| Library of Congress Classification | Main Collection | ARRUPE LIBRARY | ARRUPE LIBRARY | Main Collection | 27/02/2013 | 2 | Q124.95.L55 | 46600002343 | 03/07/2019 | 05/05/2014 | 1 | 27/02/2013 | Monograph ( Printed materials) |